POLITICA Y SOCIOLOGIA EN HAITI Y LA REPUBLICA DOMINICANA /
Na minha lista:
| Autor Corporativo: | |
|---|---|
| Outros Autores: | |
| Formato: | Procedimiento de la conferencia Livro |
| Assuntos: | |
| Tags: |
Sem tags, seja o primeiro a adicionar uma tag!
|
MARC
| LEADER | 00000nam^a2200000^a^4500 | ||
|---|---|---|---|
| 001 | 000230058 | ||
| 005 | 20250521000000.0 | ||
| 009 | 20260310104422.451 | ||
| 035 | |a 051266 | ||
| 037 | |a Acervo Xavier Clavigero | ||
| 082 | |a 320. 9 |b COL | ||
| 111 | 1 | |a Coloquio Dominicohaitiano de Ciencias Sociales ( |n 1O : |d 1974 : |c México) | |
| 245 | 1 | 0 | |a POLITICA Y SOCIOLOGIA EN HAITI Y LA REPUBLICA DOMINICANA / |c ED. GERARD PIERRE CHARLES |
| 264 | |a MEXICO : |b UNAM, |c 1974 | ||
| 300 | |a 169p. | ||
| 336 | |a texto |b txt |2 rdacontenido | ||
| 337 | |a sin mediación |b n |2 rdamedio | ||
| 338 | |a volumen |b nc |2 rdasoporte | ||
| 649 | |a XX | ||
| 650 | |a Política - |z Haití | ||
| 650 | |a Haití - |x Condiciones Sociales y Culturales | ||
| 650 | |a REPUBLICA DOMINICANA - |x POLITICA Y GOBIERNO | ||
| 650 | |a REPUBLICA DOMINICANA - |x CONDICIONES SOCIALES | ||
| 700 | |a Charles, Gerard Pierre |e (edición) | ||
| 910 | |a Fondo General | ||
| 920 | |a Impresos - Libros | ||
| 930 | |a Colección General | ||
| 905 | |a 101 | ||
| 901 | |a 051266 |b IT1 |c ACC |i 051266 |u 20250521 | ||
| 902 | |a https://opac.biblio.iteso.mx/vufind/Record/000230058 | ||